Normal view
MARC view
- Edited Walubita, Lubinda F… (et al)
Entry Personal Name
001 - CONTROL NUMBER
- control field: 5080
003 - CONTROL NUMBER IDENTIFIER
- control field: JO-AjAnu
005 - DATE AND TIME OF LATEST TRANSACTION
- control field: 20230606071127.0
008 - FIXED-LENGTH DATA ELEMENTS
- fixed length control field: 230606|| aca||aabn | a|a d
040 ## - CATALOGING SOURCE
- Original cataloging agency: JO-AjAnu
- Transcribing agency: JO-AjAnu
100 ## - HEADING--PERSONAL NAME
- Personal name: Edited Walubita, Lubinda F… (et al)
670 ## - SOURCE DATA FOUND
- Source citation: Work cat.: (JO-AjAnu)2625: Edited Walubita, Lubinda F… (et al), author, Asphalt Material Characterization, Accelerated Testing, and Highway Management